|
|
|
|
| LEADER |
00000cam a2200000 a 4500 |
| 001 |
vtls001265804 |
| 003 |
SK-MaSNL |
| 005 |
20260301234552.0 |
| 008 |
240226s1960 xr a crp 000 m cze |
| 015 |
|
|
|a SNBA1960
|
| 020 |
|
|
|q (viazané)
|
| 035 |
|
|
|a SNK000216738
|
| 035 |
|
|
|a urn:nbn:sk:snk-am3ir76
|
| 035 |
|
|
|a 6CD7C1C2-1DCE-415E-A1E0-418B20A75B60
|
| 035 |
|
|
|a urn:nbn:sk:snk-am00fesa
|
| 040 |
|
|
|a SNK
|b slo
|c SNK
|e AACR2
|
| 041 |
0 |
|
|a cze
|
| 044 |
|
|
|a xr
|c CZ
|
| 080 |
|
|
|a 37.016:82
|2 2011
|
| 080 |
|
|
|a (075.2)
|2 2011
|
| 245 |
0 |
0 |
|a Čítanka pro osmý ročník zvláštních škol
|b přechodná učebnice
|c zpracovali Karel Beneš, Vladimír Polák
|
| 250 |
|
|
|a Vydání 1.
|
| 260 |
|
|
|a Praha
|b Stání pedagogické nakladatelství
|c 1960
|e Vimperk
|f Stráž 4
|
| 300 |
|
|
|a 218 strán
|b ilustrácie
|c 21 cm
|
| 490 |
1 |
|
|a Učebnice pro zvláštní školy
|
| 650 |
0 |
7 |
|a literárna výchova
|2 SNKPH
|9 1653
|
| 655 |
|
7 |
|a čítanky
|2 SNKPH
|9 60817
|
| 655 |
|
7 |
|a učebnice špeciálnych základných škôl
|2 SNKPH
|9 70204
|
| 700 |
1 |
|
|a Polák, Vladimír,
|d 1914-2004
|4 com
|9 82613
|
| 700 |
1 |
|
|a Beneš, Karel,
|d 1900-1965
|4 com
|9 518706
|
| 830 |
|
0 |
|a Učebnice pro zvláštní školy
|9 285892
|
| 852 |
|
|
|a Slovenská národná knižnica
|
| 954 |
|
|
|a odborná, vedecká literatúra cudzojazyčná (svetová)
|2 lita
|
| 958 |
|
|
|a LX
|
| 958 |
|
|
|a OND
|
| 958 |
|
|
|a EUIPO
|
| 999 |
|
|
|c 970700
|d 972630
|
| 952 |
|
|
|t P60, <03>, [BOOK], {603}
|a SNK
|b SNK
|y PREZ
|7 0
|p 17A0843471
|o snkSC 14507
|i snkKIP 5906/60
|0 0
|1 0
|4 0
|d 1996-11-11
|f 1
|l 0
|r 2025-07-16 00:00:00
|w 2026-02-24
|
| 952 |
|
|
|t P60, <04>, [BOOK], {604}
|a SNK
|b SNK
|y VYP
|7 0
|o snkSC 14507 D1
|i snkKIP 5907/60
|0 0
|1 0
|4 0
|d 1996-11-11
|l 0
|r 2005-01-01 00:00:00
|w 2026-02-24
|